00386nam a2200145Ia 4500008004100000020001500041041001200056100001500068245006400083250000800147260004000155300000800195650001500203700002200218221030s9999 xx 000 0 und d a0071229035 aEnglish aS. A. Ross 0aCorporate Finance 6th ed.cby S. A. Ross, R. W. Westerfield a6th bMcGraw - Hill Pub.aNew Delhic2002 a932 aManagement aR. W. Westerfield